Short Guide to Generall Knowledge (Record no. 30621)

MARC details
000 -LEADER
fixed length control field 00460nam a2200145Ia 4500
008 - FIXED-LENGTH DATA ELEMENTS--GENERAL INFORMATION
fixed length control field 211109s9999||||xx |||||||||||||| ||und||
082 ## - DEWEY DECIMAL CLASSIFICATION NUMBER
Classification number 153.42
Item number KUM-S
100 ## - MAIN ENTRY--PERSONAL NAME
Personal name Kumar, Arun
245 #0 - TITLE STATEMENT
Title Short Guide to Generall Knowledge
260 ## - PUBLICATION, DISTRIBUTION, ETC.
Name of publisher, distributor, etc. All India Institute of General Knowledge Education
Place of publication, distribution, etc. Delhi
Date of publication, distribution, etc. 1967
300 ## - PHYSICAL DESCRIPTION
Extent 192p.
630 ## - SUBJECT ADDED ENTRY--UNIFORM TITLE
General subdivision Reference Reading Room
650 ## - SUBJECT ADDED ENTRY--TOPICAL TERM
Topical term or geographic name entry element Philosophy
942 ## - ADDED ENTRY ELEMENTS (KOHA)
Koha item type BOOK
650 ## - SUBJECT ADDED ENTRY--TOPICAL TERM
Form subdivision EpistemologyPsychologymental Processes
General subdivision Intelligence
Holdings
Withdrawn status Lost status Source of classification or shelving scheme Damaged status Not for loan Home library Current library Date acquired Cost, normal purchase price Full call number Barcode Shelving location Date last seen Copy number Price effective from Koha item type
    Dewey Decimal Classification     SB LIBRARY SB LIBRARY 09/11/2021 100.00 153.42 KUM-S 00031556 REFERENCE READING ROOM 09/11/2021 1 09/11/2021 BOOK

Powered by Koha